[Event "30. Internationales Böblinger Open"]
[Site "Böblingen"]
[Date "2013.12.30"]
[Round "9"]
[White "Kachar, Vladimir"]
[Black "Kvetny, Mark"]
[Result "1-0"]
[WhiteElo "2290"]
[BlackElo "2239"]
[PlyCount "76"]
[EventDate "2013.12.26"]
[EventType "swiss"]
[EventRounds "9"]
[EventCountry "GER"]

1. d4 Nf6 2. c4 e6 3. Nc3 Bb4 4. Nf3 c5 5. g3 O-O 6. Bg2 cxd4 7. Nxd4 d5 8. Qb3
Bxc3+ 9. bxc3 e5 10. Nc2 dxc4 11. Qa3 Nc6 12. Ne3 Be6 13. Rb1 Qc7 14. O-O Rfd8
15. Qa4 Rac8 16. Ba3 b6 17. Rb2 Ne7 18. Rc1 Ned5 19. Nxd5 Bxd5 20. Bh3 Rb8 21.
f3 e4 22. f4 e3 23. Qb4 Ne4 24. Qe7 Qc6 25. Qe5 Re8 26. Qh5 Nf2 27. Rf1 Rbd8
28. Rxf2 exf2+ 29. Kxf2 Qf6 30. Rc2 Be4 31. Rc1 Rd5 32. Qh4 Qxh4 33. gxh4 Rd2
34. Re1 Rxa2 35. Bd6 Rd8 36. Be5 Rdd2 37. Ke3 f5 38. h5 Kf7 1-0

[Event "30. Internationales Böblinger Open"]
[Site "Böblingen"]
[Date "2013.12.30"]
[Round "9"]
[White "Maiorov, Nikita"]
[Black "Noe, Christopher"]
[Result "1-0"]
[WhiteElo "2552"]
[BlackElo "2253"]
[PlyCount "97"]
[EventDate "2013.12.26"]
[EventType "swiss"]
[EventRounds "9"]
[EventCountry "GER"]

1. d4 Nf6 2. c4 g6 3. Nf3 Bg7 4. g3 O-O 5. Bg2 d6 6. O-O Nbd7 7. Nc3 e5 8. e4
exd4 9. Nxd4 a5 10. Ndb5 Nc5 11. Be3 Be6 12. b3 Nfd7 13. Qd2 a4 14. Rab1 axb3
15. axb3 Nxb3 16. Rxb3 Bxc4 17. Rbb1 Bxf1 18. Bxf1 Nc5 19. Bg2 Ne6 20. f4 c6
21. f5 cxb5 22. fxe6 fxe6 23. Nxb5 Ra6 24. Nd4 d5 25. exd5 exd5 26. Bf1 Rb6 27.
Rd1 Kh8 28. Bg2 Qd6 29. Qd3 Rb2 30. Kh1 Ra8 31. Rc1 h6 32. Nb5 Qb4 33. Qxg6
Qxb5 34. Bd4 Bxd4 35. Qxh6+ Kg8 36. Qg5+ Kf8 37. Qf4+ Ke8 38. Qxd4 Qe2 39. Qh8+
Ke7 40. Qg7+ Ke8 41. Qg6+ Kd8 42. Qg8+ Ke7 43. Qxd5 Rc8 44. Rd1 Rc6 45. Qd8+
Ke6 46. Bh3+ Kf7 47. Rd7+ Kg6 48. Qg8+ Kh5 49. Rh7+ 1-0

[Event "30. Internationales Böblinger Open"]
[Site "Böblingen"]
[Date "2013.12.30"]
[Round "9"]
[White "Makka, Ioulia"]
[Black "Jelica, Mara"]
[Result "0-1"]
[WhiteElo "2165"]
[BlackElo "2244"]
[PlyCount "176"]
[EventDate "2013.12.26"]
[EventType "swiss"]
[EventRounds "9"]
[EventCountry "GER"]

1. e4 c5 2. Nf3 Nc6 3. d4 cxd4 4. Nxd4 g6 5. c4 Bg7 6. Be3 Nf6 7. Nc3 d6 8. Be2
O-O 9. Rc1 Bd7 10. O-O Nxd4 11. Bxd4 Bc6 12. f3 Nd7 13. Be3 b6 14. Qd2 Re8 15.
Nd5 Nc5 16. Rfd1 Qd7 17. Bf1 Rec8 18. Qf2 Qe8 19. b3 Bd7 20. Qh4 f6 21. Bd4 g5
22. Qf2 Qf7 23. Ba1 Ne6 24. Ne3 Nf4 25. Kh1 Kh8 26. Rc2 Ng6 27. Nf5 Bxf5 28.
exf5 Ne5 29. Bd3 Nxd3 30. Rxd3 Rc5 31. g4 Rac8 32. Re2 Bf8 33. Bd4 R5c7 34. Qe3
d5 35. cxd5 h5 36. Qxg5 hxg4 37. Qxg4 Bh6 38. Rg2 Rc1+ 39. Bg1 R8c2 40. Qh3 Qh7
41. Rxc2 Rxc2 42. d6 exd6 43. Rxd6 Bf8 44. Qxh7+ Kxh7 45. Rd7+ Kg8 46. Rxa7 b5
47. Ra6 Kf7 48. Bd4 Be7 49. Kg1 Rd2 50. Be3 Re2 51. Bf2 Re5 52. Kg2 Rxf5 53.
Rc6 Rd5 54. Rc2 Rd3 55. Bc5 Bd8 56. Re2 Kg6 57. Bb4 Bc7 58. Rd2 Re3 59. Rc2 Bf4
60. Bc5 Re5 61. Bf2 Rg5+ 62. Bg3 Be3 63. Re2 Bc5 64. Rd2 Ba3 65. f4 Rc5 66. Re2
Rc1 67. Bf2 Kf5 68. Be3 Rc3 69. h3 Bd6 70. Bd2 Rc2 71. Rf2 Rxa2 72. Be3 Ra3 73.
Rd2 Ke6 74. Rd3 Ra2+ 75. Kf3 Rh2 76. Kg3 Rh1 77. Rd2 Bb4 78. Rd3 Rb1 79. Kg2
Rb2+ 80. Kf3 Rc2 81. h4 Be1 82. h5 Rh2 83. h6 f5 84. Rd1 Bc3 85. Bc5 Bf6 86.
Rd6+ Kf7 87. b4 Rxh6 88. Rb6 Rh3+ {Rest unleserlich,  0-1 im 110.Zug /   Rest
is illegible,  0-1 move 110} 0-1

[Event "30. Internationales Böblinger Open"]
[Site "Böblingen"]
[Date "2013.12.30"]
[Round "9"]
[White "Milov, Leonid"]
[Black "Commercon, Simon"]
[Result "0-1"]
[WhiteElo "2525"]
[BlackElo "2164"]
[PlyCount "110"]
[EventDate "2013.12.26"]
[EventType "swiss"]
[EventRounds "9"]
[EventCountry "GER"]

1. e4 d5 2. exd5 Qxd5 3. Nf3 Bg4 4. Be2 c6 5. d4 Nf6 6. O-O e6 7. c4 Qa5 8. h3
Bh5 9. Bf4 Nbd7 10. Nc3 Be7 11. a3 O-O 12. b4 Qd8 13. Qb3 a6 14. Rad1 Re8 15.
g4 Bg6 16. Nh4 Nf8 17. Ng2 Bd6 18. Be5 Ne4 19. Nxe4 Bxe4 20. Qg3 Bxg2 21. Kxg2
Bxe5 22. dxe5 Qc7 23. Rd6 a5 24. b5 cxb5 25. cxb5 Rad8 26. Rfd1 Rxd6 27. exd6
Qc5 28. Qe3 Nd7 29. Qxc5 Nxc5 30. b6 Rd8 31. Rc1 Ne4 32. d7 Kf8 33. Bb5 Ke7 34.
Rc7 Nd6 35. Ba4 h6 36. h4 f6 37. f4 g6 38. Kf3 Kf7 39. Ke3 g5 40. fxg5 hxg5 41.
hxg5 fxg5 42. Kd3 Kf6 43. Rc5 Nf7 44. Rc7 Nd6 45. Kd4 Rf8 46. Kc5 Ke5 47. Rc6
bxc6 48. Kxc6 Nf7 49. Kc7 Nd8 50. Bb5 Kd5 51. Ba6 e5 52. Bc8 Ne6+ 53. Kb7 Kd6
54. Ka7 Nc5 55. b7 Nxd7 0-1

[Event "30. Internationales Böblinger Open"]
[Site "Böblingen"]
[Date "2013.12.30"]
[Round "9"]
[White "Neyman, Igor"]
[Black "Hottes, Dieter"]
[Result "1/2-1/2"]
[WhiteElo "2301"]
[BlackElo "2206"]
[PlyCount "39"]
[EventDate "2013.12.26"]
[EventType "swiss"]
[EventRounds "9"]
[EventCountry "GER"]

1. d4 Nf6 2. c4 g6 3. Nc3 Bg7 4. e4 d6 5. Nf3 Bg4 6. Be3 Nfd7 7. Be2 O-O 8. Nd2
Bxe2 9. Qxe2 Nc6 10. Nb3 e5 11. dxe5 dxe5 12. Rd1 Qc8 13. O-O Re8 14. c5 Nf8
15. Qc4 Ne6 16. Ne2 Rd8 17. Rd5 Ne7 18. Rd3 Rxd3 19. Qxd3 Qe8 20. Rd1 1/2-1/2

[Event "30. Internationales Böblinger Open"]
[Site "Böblingen"]
[Date "2013.12.30"]
[Round "9"]
[White "Novoselski, Zoran"]
[Black "Eisenbeiser, Amadeus"]
[Result "0-1"]
[WhiteElo "2381"]
[BlackElo "2341"]
[PlyCount "60"]
[EventDate "2013.12.26"]
[EventType "swiss"]
[EventRounds "9"]
[EventCountry "GER"]

1. e4 c5 2. Nf3 e6 3. Nc3 a6 4. g3 b5 5. Bg2 Bb7 6. d4 b4 7. Na4 cxd4 8. Nxd4
Nf6 9. Qe2 Qa5 10. b3 Nc6 11. Be3 Nxd4 12. Bxd4 e5 13. Bb6 Qb5 14. Qe3 Be7 15.
O-O-O O-O 16. Rhe1 Qc6 17. Kb1 a5 18. f4 d6 19. Rc1 Qe8 20. Qd2 Bc6 21. Nb2 Qb8
22. Bg1 Qb7 23. Qe3 Rfb8 24. Nc4 a4 25. Rcd1 axb3 26. cxb3 Bb5 27. Nb6 Ra3 28.
Bf3 Qa6 29. Qf2 Bd3+ 30. Ka1 Rxb6 0-1

[Event "30. Internationales Böblinger Open"]
[Site "Böblingen"]
[Date "2013.12.30"]
[Round "9"]
[White "Schmid, Roland"]
[Black "Malek, Daniel"]
[Result "0-1"]
[WhiteElo "2261"]
[BlackElo "2389"]
[PlyCount "90"]
[EventDate "2013.12.26"]
[EventType "swiss"]
[EventRounds "9"]
[EventCountry "GER"]

1. d4 Nf6 2. c4 e6 3. Nc3 Bb4 4. f3 c5 5. d5 O-O 6. e4 Re8 7. Nge2 d6 8. Ng3
exd5 9. cxd5 Nbd7 10. Be2 a6 11. O-O Qc7 12. Be3 Rb8 13. Rc1 Ba5 14. a3 Ne5 15.
h3 Qd8 16. Rb1 c4 17. b4 cxb3 18. Qxb3 b5 19. Na2 Nfd7 20. f4 Ng6 21. Nb4 Bb7
22. Bf3 Nc5 23. Qa2 Bb6 24. Qd2 Nxf4 25. Kh1 Ng6 26. Nc2 Ne5 27. Be2 Bc8 28.
Nd4 Rb7 29. Rf4 Rc7 30. Rbf1 Ng6 31. Nc6 Rxc6 32. dxc6 Nxf4 33. Bxf4 Nxe4 34.
Nxe4 Rxe4 35. Bd3 Re6 36. Bb1 Rf6 37. Re1 h6 38. Bg3 Qf8 39. Bh4 Re6 40. Rf1
Re8 41. Qd3 f5 42. g4 Re3 43. Qd5+ Be6 44. Qg2 f4 45. Qc2 Bd5+ 0-1

[Event "30. Internationales Böblinger Open"]
[Site "Böblingen"]
[Date "2013.12.30"]
[Round "9"]
[White "Schmitz, Thorsten"]
[Black "Gavrilov, Alexei V"]
[Result "0-1"]
[WhiteElo "2302"]
[BlackElo "2452"]
[PlyCount "120"]
[EventDate "2013.12.26"]
[EventType "swiss"]
[EventRounds "9"]
[EventCountry "GER"]

1. c4 e5 2. g3 Nf6 3. Bg2 c6 4. d4 Bb4+ 5. Bd2 Bxd2+ 6. Qxd2 d6 7. Nc3 O-O 8.
e3 Be6 9. Rd1 Na6 10. b3 exd4 11. exd4 d5 12. c5 b6 13. cxb6 axb6 14. Nge2 Qd7
15. O-O Bh3 16. Bxh3 Qxh3 17. Nf4 Qd7 18. Rfe1 Qd6 19. Re5 Nd7 20. Re2 Rfe8 21.
Rde1 Nc7 22. Kg2 g6 23. h4 h5 24. Qd3 Kg7 25. f3 Qf6 26. a4 Rxe2+ 27. Rxe2 Qd6
28. Rf2 Nf8 29. Rc2 Nfe6 30. Nce2 Nd8 31. g4 hxg4 32. fxg4 Nde6 33. Qg3 Ne8 34.
Nxe6+ Qxe6 35. Qe5+ Qxe5 36. dxe5 c5 37. Nf4 Nc7 38. g5 Kf8 39. Kf3 Ke7 40. Rd2
Rh8 41. e6 Nxe6 42. Nxd5+ Kd6 43. Nxb6+ Kc6 44. Nc4 Rxh4 45. Ne5+ Kc7 46. Kg3
Rb4 47. Rd7+ Kc8 48. Rxf7 Rxb3+ 49. Kg2 Rb2+ 50. Kg3 Rb3+ 51. Kg2 Nxg5 52. Rg7
Ne6 53. Rg8+ Kb7 54. Nxg6 c4 55. Ne5 c3 56. Nc4 Rb2+ 57. Kf3 c2 58. Nd6+ Kc7
59. Rc8+ Kxd6 60. Rc4 Kd5 0-1

[Event "30. Internationales Böblinger Open"]
[Site "Böblingen"]
[Date "2013.12.30"]
[Round "9"]
[White "Schneider, Bernd"]
[Black "Matnadze, Ana"]
[Result "0-1"]
[WhiteElo "2240"]
[BlackElo "2382"]
[PlyCount "70"]
[EventDate "2013.12.26"]
[EventType "swiss"]
[EventRounds "9"]
[EventCountry "GER"]

1. e4 c6 2. d4 g6 3. Nf3 d5 4. exd5 cxd5 5. Bd3 Nc6 6. c3 Bg7 7. Bf4 Nf6 8. h3
O-O 9. O-O a6 10. Nbd2 Ne8 11. Re1 Nd6 12. Ne5 f6 13. Nxc6 bxc6 14. Nb3 Nf7 15.
Nc5 e5 16. Bg3 a5 17. Qa4 Qb6 18. Rab1 f5 19. f3 Ra7 20. Bf2 e4 21. fxe4 fxe4
22. Bf1 Nd6 23. Qb3 Qd8 24. Bg3 Nf5 25. Be5 Bxe5 26. dxe5 a4 27. Qb4 Qg5 28.
Nxe4 dxe4 29. Qxe4 Re7 30. Rbd1 Nh4 31. Kh1 Rf4 32. Qd3 Be6 33. Re4 Rd7 34. Rd4
Rdxd4 35. cxd4 Bd5 0-1

[Event "30. Internationales Böblinger Open"]
[Site "Böblingen"]
[Date "2013.12.30"]
[Round "9"]
[White "Schulte, Thorsten"]
[Black "Dorst, Johannes"]
[Result "0-1"]
[WhiteElo "2112"]
[BlackElo "2222"]
[PlyCount "140"]
[EventDate "2013.12.26"]
[EventType "swiss"]
[EventRounds "9"]
[EventCountry "GER"]

1. d4 Nf6 2. c4 c5 3. Nf3 cxd4 4. Nxd4 e5 5. Nf3 Nc6 6. e3 d5 7. cxd5 Qxd5 8.
Qxd5 Nxd5 9. Bb5 f6 10. a3 Be6 11. Bd2 Kf7 12. Nc3 Nxc3 13. Bxc3 Ne7 14. Rd1 a6
15. Be2 h6 16. e4 Nc8 17. O-O Be7 18. Nd2 Nb6 19. f4 Bc5+ 20. Kh1 exf4 21. Rxf4
Na4 22. Bh5+ Ke7 23. Nb1 Rhd8 24. e5 Nxc3 25. exf6+ gxf6 26. Nxc3 Rxd1+ 27.
Bxd1 Rd8 28. Bf3 b6 29. Rh4 Be3 30. Re4 Bd4 31. Bg4 Be5 32. Bxe6 Kxe6 33. g3
Rd2 34. Rb4 Bd4 35. Ne4 Rd1+ 36. Kg2 f5 37. Nc3 Rd2+ 38. Kf1 a5 39. Rb5 Rf2+
40. Ke1 Rxh2 41. Ne2 Bf2+ 42. Kf1 Kf6 43. Rb3 Bc5 44. Rf3 Kg5 45. b4 axb4 46.
axb4 Bxb4 47. Nd4 Kg4 48. Rxf5 Bc5 49. Rf4+ Kxg3 50. Re4 Rf2+ 51. Ke1 Bxd4 52.
Rxd4 Rf6 53. Rd5 Kg4 54. Rd4+ Kg5 55. Rd5+ Rf5 56. Rd8 b5 57. Rg8+ Kh4 58. Ke2
Rg5 59. Re8 Kg3 60. Re3+ Kg2 61. Re6 h5 62. Re4 Rf5 63. Re8 Rg5 64. Re4 Kg3 65.
Re3+ Kf4 66. Rb3 Re5+ 67. Kd2 h4 68. Rd3 Kg4 69. Rd8 h3 70. Rh8 Rh5 0-1

[Event "30. Internationales Böblinger Open"]
[Site "Böblingen"]
[Date "2013.12.30"]
[Round "9"]
[White "Smith, Thijmen"]
[Black "Janzelj, Tim"]
[Result "0-1"]
[WhiteElo "2188"]
[BlackElo "2282"]
[PlyCount "78"]
[EventDate "2013.12.26"]
[EventType "swiss"]
[EventRounds "9"]
[EventCountry "GER"]

1. e4 e5 2. Nf3 Nc6 3. Bb5 a6 4. Ba4 Nf6 5. Qe2 b5 6. Bb3 Be7 7. c3 O-O 8. d4
d6 9. O-O Bg4 10. Rd1 exd4 11. cxd4 d5 12. e5 Ne4 13. Nc3 Nxc3 14. bxc3 Qd7 15.
h3 Bf5 16. Bc2 Na5 17. Bg5 Ba3 18. Nh4 Bxc2 19. Qxc2 Rfe8 20. Nf5 Re6 21. Rd3
Rxe5 22. dxe5 Qxf5 23. Be3 Nc4 24. Qe2 Qxe5 25. Qf3 c6 26. Bd4 Qe6 27. Qg3 f6
28. Rdd1 Bd6 29. Qh4 Re8 30. f3 g5 31. Qf2 Qf5 32. Re1 Ne5 33. a4 Kf7 34. axb5
axb5 35. Ra7+ Kg6 36. Bxe5 Rxe5 37. Rxe5 Qxe5 38. Qc2+ f5 39. Ra6 Qe1# 0-1

[Event "30. Internationales Böblinger Open"]
[Site "Böblingen"]
[Date "2013.12.30"]
[Round "9"]
[White "Starostits, Ilmars"]
[Black "Kabisch, Thilo"]
[Result "1-0"]
[WhiteElo "2458"]
[BlackElo "2262"]
[PlyCount "45"]
[EventDate "2013.12.26"]
[EventType "swiss"]
[EventRounds "9"]
[EventCountry "GER"]

1. e4 e6 2. d4 c5 3. Nf3 cxd4 4. Nxd4 Nc6 5. c4 Nf6 6. Nc3 Bb4 7. Nxc6 dxc6 8.
Qb3 Bxc3+ 9. Qxc3 Nxe4 10. Qxg7 Qf6 11. Qxf6 Nxf6 12. Bf4 Nd7 13. O-O-O O-O 14.
Rd3 f6 15. Bh6 Rf7 16. Be2 a5 17. Rhd1 a4 18. Rg3+ Kh8 19. Bh5 Re7 20. Bf8 Nxf8
21. Rd8 h6 22. Rxf8+ Kh7 23. Rgg8 1-0

[Event "30. Internationales Böblinger Open"]
[Site "Böblingen"]
[Date "2013.12.30"]
[Round "9"]
[White "Veys, Vincent"]
[Black "Kersten, Uwe"]
[Result "1/2-1/2"]
[WhiteElo "2167"]
[BlackElo "2280"]
[PlyCount "99"]
[EventDate "2013.12.26"]
[EventType "swiss"]
[EventRounds "9"]
[EventCountry "GER"]

1. e4 c5 2. Nf3 e6 3. d4 cxd4 4. Nxd4 a6 5. Nc3 Qc7 6. Bd3 g6 7. f4 d6 8. Qf3
Bg7 9. Nb3 Nc6 10. Be3 b5 11. a3 Rb8 12. O-O Nf6 13. Rae1 Bb7 14. Qg3 O-O 15.
Qh4 b4 16. axb4 Nxb4 17. Nd4 Bc8 18. Re2 Nh5 19. f5 e5 20. Nf3 Bb7 21. g4 Nf6
22. Bg5 d5 23. Bxf6 Qb6+ 24. Kh1 Bxf6 25. g5 Bh8 26. f6 Rfe8 27. Nd2 Nxd3 28.
cxd3 Qxb2 29. Rf3 Qxc3 30. Rh3 h5 31. gxh6 Re6 32. h7+ Kf8 33. Qh6+ Ke8 34. Qg7
Kd7 35. Qxf7+ Kd6 36. Rf3 Qc1+ 37. Rf1 Qc7 38. Qxg6 Rf8 39. d4 dxe4 40. dxe5+
Rxe5 41. Rd1 Rxf6 42. Qg3 Ke6 43. Nxe4 Qc6 44. Qg8+ Rf7 45. Rf1 Rxe4 46. Qxf7+
Kd6 47. Rg2 Rg4 48. Qf8+ Kc7 49. Rf7+ Kb6 50. Rxb7+ 1/2-1/2

[Event "30. Internationales Böblinger Open"]
[Site "Böblingen"]
[Date "2013.12.30"]
[Round "9"]
[White "Vuckovic, Aleksandar"]
[Black "Gschnitzer, Oswald"]
[Result "1/2-1/2"]
[WhiteElo "2317"]
[BlackElo "2426"]
[PlyCount "83"]
[EventDate "2013.12.26"]
[EventType "swiss"]
[EventRounds "9"]
[EventCountry "GER"]

1. e4 c5 2. Nf3 d6 3. d4 cxd4 4. Nxd4 Nf6 5. Nc3 Nc6 6. Bb5 Bd7 7. O-O e6 8.
Re1 Be7 9. Bf1 O-O 10. Ndb5 Qb8 11. a4 a6 12. Na3 Qc7 13. Be3 Rab8 14. h3 Rfd8
15. Qd2 Be8 16. Bf4 Ne5 17. Kh1 Bc6 18. Bh2 Ned7 19. Qe3 e5 20. b4 d5 21. b5
Nc5 22. exd5 Nxd5 23. Bxe5 Bd6 24. Bxd6 Qxd6 25. Nxd5 Bxd5 26. Nc4 Qf8 27. Qf4
Ne6 28. Qg3 Qc5 29. Ne3 axb5 30. axb5 Rbc8 31. Bd3 g6 32. Ra4 Nd4 33. Rea1 Be6
34. Rb1 Nf5 35. Bxf5 Bxf5 36. Rc4 Qxc4 37. Nxc4 Rxc4 38. Rc1 Bxc2 39. Kh2 Rdc8
40. Qe5 R4c5 41. Qe7 b6 42. Qe3 1/2-1/2

[Event "30. Internationales Böblinger Open"]
[Site "Böblingen"]
[Date "2013.12.30"]
[Round "9"]
[White "Winterberg, Lukas"]
[Black "Wagener, Claude"]
[Result "1/2-1/2"]
[WhiteElo "2305"]
[BlackElo "2217"]
[PlyCount "122"]
[EventDate "2013.12.26"]
[EventType "swiss"]
[EventRounds "9"]
[EventCountry "GER"]

1. e4 c5 2. Nc3 Nc6 3. Bb5 Nd4 4. Bc4 e6 5. Nge2 Nf6 6. O-O a6 7. a4 d5 8. exd5
exd5 9. Ba2 Nxe2+ 10. Qxe2+ Be7 11. Re1 Be6 12. f4 g6 13. d3 Qd7 14. Qe5 O-O-O
15. Bd2 Ng4 16. Qe2 Bf6 17. Kh1 Bd4 18. Nd1 Rhe8 19. c3 Bf5 20. Qf1 Rxe1 21.
Bxe1 Bg7 22. h3 Nh6 23. Ne3 d4 24. Nd5 Kb8 25. Bh4 dxc3 26. bxc3 f6 27. a5 Qd6
28. Rb1 Bd7 29. Rb6 Bc6 30. Bf2 Nf5 31. Qg1 Bf8 32. Qb1 Kc8 33. Qc1 Ne7 34.
Nxe7+ Bxe7 35. Bc4 Re8 36. d4 Bd8 37. Rb2 Bxa5 38. dxc5 Qd7 39. Kg1 Qf5 40. Bd4
Bc7 41. Rf2 Qe4 42. Bf1 f5 43. Qd2 Qb1 44. Be5 Bxe5 45. fxe5 Rxe5 46. Qd6 Re8
47. Kh2 Qe1 48. Bxa6 Qe5+ 49. Qxe5 Rxe5 50. Bc4 Rxc5 51. Bg8 Rxc3 52. Bxh7 Be8
53. g4 Rc7 54. Bg8 Bf7 55. Bxf7 Rxf7 56. Kg3 Kd7 57. Rf3 Ke6 58. Rb3 Kd5 59.
Rb6 Rg7 60. gxf5 gxf5+ 61. Kf4 Rh7 1/2-1/2